[Event "HUN-chT U18"]
[Site "Miskolc"]
[Date "2009.10.30"]
[Round "8.18"]
[White "Eltigani, Amir"]
[Black "Deak, Emoke"]
[Result "1-0"]
[WhiteElo "1727"]
[BlackElo "1880"]
[PlyCount "101"]
[EventDate "2009.10.26"]
[EventType "team-swiss"]
[EventRounds "8"]
[EventCountry "HUN"]
[SourceTitle "EXT 2016"]
[Source "ChessBase"]
[SourceDate "2015.10.08"]
[SourceVersion "1"]
[SourceVersionDate "2015.10.08"]
[SourceQuality "1"]

1. d4 Nf6 2. c4 e6 3. Nc3 b6 4. Bg5 Bb7 5. e4 Be7 6. Bxf6 Bxf6 7. Nf3 d6 8. Be2 Nd7 9. 0-0 0-0 10. Qc2 c5 11. d5 Re8 12. Bd3 g6 13. Rfe1 a6 14. Ne2 exd5 15. exd5 Rb8 16. Rab1 b5 17. Red1 bxc4 18. Bxc4 Nb6 19. b3 Qd7 20. Ng3 a5 21. Qd3 Qc7 22. Re1 Nxc4 23. bxc4 Ba6 24. Rxb8 Rxb8 25. Ne4 Bg7 26. Ned2 Qd7 27. Qa3 a4 28. Qd3 Qf5 29. Ne4 Bf8 30. Qc2 Rb4 31. Nfd2 Bg7 32. a3 Bd4 33. axb4 Bxf2+ 34. Kf1 Bxe1+ 35. Kxe1 cxb4 36. Qxa4 Bxc4 37. Qe8+ Kg7 38. Nxc4 Qxd5 39. Nexd6 b3 40. Qe4 Qxe4+ 41. Nxe4 f5 42. Ned2 Kf6 43. Nxb3 h5 44. Nd4 g5 45. Kf2 g4 46. Kg3 Kg5 47. Ne6+ Kf6 48. Kf4 Kxe6 49. Ne3 h4 50. Nxf5 h3 51. g3 1-0

[Event "HUN-chT U18"]
[Site "Miskolc"]
[Date "2009.10.29"]
[Round "6.16"]
[White "Benyei, Piroska"]
[Black "Deak, Emoke"]
[Result "1-0"]
[WhiteElo "1502"]
[BlackElo "1880"]
[PlyCount "63"]
[EventDate "2009.10.26"]
[EventType "team-swiss"]
[EventRounds "8"]
[EventCountry "HUN"]
[SourceTitle "EXT 2016"]
[Source "ChessBase"]
[SourceDate "2015.10.08"]
[SourceVersion "1"]
[SourceVersionDate "2015.10.08"]
[SourceQuality "1"]

1. e4 c5 2. c3 d6 3. d4 cxd4 4. cxd4 Nf6 5. Nc3 e6 6. Bg5 Be7 7. Nf3 Qa5 8. Bd3 Nc6 9. Be3 Qc7 10. 0-0 a6 11. Re1 0-0 12. a3 b5 13. Qd2 Re8 14. b4 Bb7 15. Rac1 Qd7 16. Bc2 e5 17. dxe5 dxe5 18. Qxd7 Nxd7 19. Nd5 Bd8 20. Nd2 Ne7 21. Nxe7+ Bxe7 22. f3 Nb8 23. Nb3 Nc6 24. Nc5 Bc8 25. Nd3 a5 26. Bb3 Nxb4 27. axb4 axb4 28. Nxe5 Ra3 29. Bxf7+ Kf8 30. Bxe8 Kxe8 31. Rxc8+ Bd8 32. Bg5 1-0

[Event "HUN-chT U18"]
[Site "Miskolc"]
[Date "2009.10.27"]
[Round "3.22"]
[White "Deak, Emoke"]
[Black "Gal, Laszlo"]
[Result "1-0"]
[WhiteElo "1880"]
[BlackElo "1619"]
[PlyCount "55"]
[EventDate "2009.10.26"]
[EventType "team-swiss"]
[EventRounds "8"]
[EventCountry "HUN"]
[SourceTitle "EXT 2016"]
[Source "ChessBase"]
[SourceDate "2015.10.08"]
[SourceVersion "1"]
[SourceVersionDate "2015.10.08"]
[SourceQuality "1"]

1. d4 e5 2. e3 exd4 3. Qxd4 Nc6 4. Qd1 Nf6 5. Nd2 Bc5 6. Ngf3 0-0 7. b3 d5 8. c3 Bg4 9. Qc2 Qd7 10. Bd3 g6 11. Bb2 Rfe8 12. 0-0 Qd6 13. a3 a5 14. Rfe1 Rad8 15. h3 Bxf3 16. Nxf3 Ne5 17. Be2 Ba7 18. Rad1 c6 19. c4 Nxf3+ 20. Bxf3 d4 21. Qd2 Ne4 22. Bxe4 Rxe4 23. Qxa5 Bb8 24. g3 Bc7 25. Qd2 c5 26. exd4 Rxe1+ 27. Qxe1 cxd4 28. Rxd4 1-0